000 00808nam a22001937a 4500
005 20240320123914.0
010 _aHIN-127146
020 _a9789393232038
_c895.00
035 _aHN-99492
037 _bDBAD/PUB.
082 _a
100 _aगौड़,रास बिहारी
_963658
245 _aआवाजो के छायादार चेहरे/
_cरास बिहारी गौड़
260 _a नई दिल्ली
_bसामयिक प्रकाशन
_c2023
270 _a3320-21, जटवाडा, नेताजी सुभाष मार्ग दरियागंज
_bनई दिल्ली
_e110002
300 _a335पृ;
_c23 सेमी (सजिल्द)
700 _963631
942 _adpl
_cHN
_2ddc
_h
_mगौड़रा
999 _c201639
_d201639